Statistics for 北海道のバス会社

Click here to take the quiz!

General Stats

  • This quiz has been taken 27 times
  • The average score is 18 of 47

Answer Stats

本社会社% Correct
小樽市北海道中央バス
90%
夕張市夕張鉄道
90%
羽幌町沿岸バス
90%
稚内市宗谷バス
86%
函館市函館バス
86%
帯広市十勝バス
86%
室蘭市道南バス
81%
ニセコ町ニセコバス
67%
旭川市旭川電気軌道
67%
旭川市道北バス
62%
釧路市阿寒バス
57%
清田区北海道バス
57%
斜里町斜里バス
57%
網走市網走バス
57%
白石区じょうてつ
52%
紋別市北紋バス
48%
滝川市空知中央バス
48%
富良野市ふらのバス
43%
音更町北海道拓殖バス
43%
釧路市くしろバス
43%
根室市根室交通
43%
西区ジェイ・アール北海道バス
43%
厚真町あつまバス
43%
北見市北海道北見バス
38%
士別市士別軌道
38%
名寄市名士バス
38%
美唄市美唄自動車学校 (美自校観光バス)
33%
中央区北都交通
33%
函館市函館タクシー (函館帝産バス)
29%
新篠津村新篠津交通
24%
当別町下段モータース
19%
留萌市てんてつバス
19%
千歳市千歳相互観光バス
14%
七飯町大沼交通
14%
大空町網走観光交通
10%
芦別市空知交通
10%
中央区札幌ばんけい
10%
帯広市帯運観光
10%
浦河町日交ハイヤー
10%
豊平区札幌第一観光バス
5%
旭川市旭川中央交通
5%
帯広市毎日交通
5%
新十津川町誠和運輸 (こすもす観光バス)
5%
せたな町東ハイヤー
5%
恵庭市富士交通
5%
函館市エイチ・ビー観光
5%
函館市HKB
0%

Score Distribution

Percentile by Number Answered

Percent of People with Each Score

Your Score History

You have not taken this quiz